Noise impacts of airport developments considered in the national consultation documents (Record no. 102824)

MARC details
000 -LEADER
fixed length control field 01133cam a2200217 4500
001 - CONTROL NUMBER
control field J122311
008 - FIXED-LENGTH DATA ELEMENTS--GENERAL INFORMATION
fixed length control field #DATE n2003 000 0 eng u
035 ## - SYSTEM CONTROL NUMBER
System control number (Sirsi) u122311
041 ## - LANGUAGE CODE
Language code of text/sound track or separate title eng
050 ## - LIBRARY OF CONGRESS CALL NUMBER
Classification number 693.834
-- 18
110 ## - MAIN ENTRY--CORPORATE NAME
Corporate name or jurisdiction name as entry element United Kingdom
Subordinate unit Department of Trade and Industry
245 ## - TITLE STATEMENT
Title Noise impacts of airport developments considered in the national consultation documents
260 ## - PUBLICATION, DISTRIBUTION, ETC.
Place of publication, distribution, etc. London
Name of publisher, distributor, etc. DTI
Date of publication, distribution, etc. 2003
520 ## - SUMMARY, ETC.
Summary, etc. The technical note which examines the impact of aircraft noise caused by airport developments proposed in the national air transport consultation documents. The report reveals that house prices in the Heathrow area could drop by £256m if a third runway is built, based on a one decibel increase in noise resulting in a fall in house prices of between 0.5 and 1%. View the report at www.aviation.dft.gov.uk.
650 ## - SUBJECT ADDED ENTRY--TOPICAL TERM
Topical term or geographic name entry element BUILT ENVIRONMENT-CONSTRUCTION DESIGN-ACOUSTICS
650 ## - SUBJECT ADDED ENTRY--TOPICAL TERM
Topical term or geographic name entry element NOISE POLLUTION
650 ## - SUBJECT ADDED ENTRY--TOPICAL TERM
Topical term or geographic name entry element NOISE
690 ## - LOCAL SUBJECT ADDED ENTRY--TOPICAL TERM (OCLC, RLIN)
Topical term or geographic name as entry element ENVIRONMENTAL AND LAND CONSULTANCY
856 ## - ELECTRONIC LOCATION AND ACCESS
Uniform Resource Identifier <a href="https://www.aviation.dft.gov.uk/noiseimpact/index.htm">https://www.aviation.dft.gov.uk/noiseimpact/index.htm</a>
Hours access method available View the report on the DTI website...
942 ## - ADDED ENTRY ELEMENTS (KOHA)
Suppress in OPAC 0
Holdings
Withdrawn status Lost status Source of classification or shelving scheme Damaged status Not for loan Home library Current library Shelving location Date acquired Total Checkouts Full call number Barcode Date last seen Copy number Price effective from Koha item type
    Dewey Decimal Classification     Virtual Virtual Online 19/05/2003   ONLINE PUBLICATION 122311-1001 06/08/2019 1 06/08/2019 Book